Evolutionary bioinformatics / (Record no. 23836)

MARC details
000 -LEADER
fixed length control field 01008cam a2200325 i 4500
001 - CONTROL NUMBER
control field 14280896
003 - CONTROL NUMBER IDENTIFIER
control field EG-ScBUE
005 - DATE AND TIME OF LATEST TRANSACTION
control field 20260301101733.0
008 - FIXED-LENGTH DATA ELEMENTS--GENERAL INFORMATION
fixed length control field 060228t2006 nyua f b 001 0 eng d
020 ## - INTERNATIONAL STANDARD BOOK NUMBER
International Standard Book Number 0387334181
020 ## - INTERNATIONAL STANDARD BOOK NUMBER
International Standard Book Number 9780387334189
040 ## - CATALOGING SOURCE
Original cataloging agency UKM
Language of cataloging eng
Description conventions rda
Transcribing agency UKM
Modifying agency BAKER
-- YDXCP
-- OHX
-- CtY
-- DLC
-- EG-ScBUE
082 04 - DEWEY DECIMAL CLASSIFICATION NUMBER
Edition number 22
Classification number 576.80285
Item number FOR
100 1# - MAIN ENTRY--PERSONAL NAME
Personal name Forsdyke, Donald R.,
Relator term author.
245 10 - TITLE STATEMENT
Title Evolutionary bioinformatics /
Statement of responsibility, etc by Donald R. Forsdyke.
264 #1 - PUBLICATION, DISTRIBUTION, ETC. (IMPRINT)
Place of publication, distribution, etc New York :
Name of publisher, distributor, etc Springer,
Date of publication, distribution, etc [2006]
264 #4 - PUBLICATION, DISTRIBUTION, ETC. (IMPRINT)
Date of publication, distribution, etc c2006
300 ## - PHYSICAL DESCRIPTION
Extent xix, 424 pages :
Other physical details illustrations ;
Dimensions 24 cm
336 ## - CONTENT TYPE
Source rdacontent
Content type term text
Content type code txt
337 ## - MEDIA TYPE
Media type term unmediated
Source rdamedia
Media type code n
338 ## - CARRIER TYPE
Carrier type term volume
Carrier type code nc
Source rdacarrier
504 ## - BIBLIOGRAPHY, ETC. NOTE
Bibliography, etc Includes bibliographical references and index.
650 #7 - SUBJECT ADDED ENTRY--TOPICAL TERM
Topical term or geographic name as entry element Bioinformatics.
Source of heading or term BUEsh
9 (RLIN) 5545
650 #7 - SUBJECT ADDED ENTRY--TOPICAL TERM
Topical term or geographic name as entry element Evolutionary genetics.
Source of heading or term BUEsh
650 #7 - SUBJECT ADDED ENTRY--TOPICAL TERM
Topical term or geographic name as entry element Genomes.
Source of heading or term BUEsh
9 (RLIN) 18395
651 ## - SUBJECT ADDED ENTRY--GEOGRAPHIC NAME
Source of heading or term BUEsh
653 ## - INDEX TERM--UNCONTROLLED
Resource For college Informatics and Computer Science
Arrived date list January2017
655 ## - INDEX TERM--GENRE/FORM
Form subdivision Reading book
942 ## - ADDED ENTRY ELEMENTS (KOHA)
Source of classification or shelving scheme Dewey Decimal Classification
Koha item type Book - Borrowing
Holdings
Withdrawn status Lost status Source of classification or shelving scheme Damaged status Not for loan Collection code Home library Current library Shelving location Date acquired Source of acquisition Cost, normal purchase price Serial Enumeration / chronology Total Checkouts Full call number Barcode Date last seen Cost, replacement price Price effective from Koha item type
    Dewey Decimal Classification     Scientific home BookShop Central Library Central Library First floor 04/01/2017 Purchase 1350.00 2691   576.80285 FOR 000040753 15/07/2025 1687.50 04/01/2017 Book - Borrowing